Rozpoznaj państwo po kształcie - Statystyki

Ogólne statystyki
  • Ten quiz został rozwiązany 1 533 razy
  • Średni wynik to 11 z 15
Statystyki odpowiedzi
Obrazkowy Odpowiedź % Poprawnych
Włochy
98%
Stany Zjednoczone
97%
Australia
96%
Wielka Brytania
95%
Rosja
85%
Turcja
84%
Chorwacja
83%
Egipt
83%
Mongolia
71%
Portugalia
71%
Dania
70%
Mjanma
56%
Papua Nowa Gwinea
54%
Oman
42%
Wyspy Salomona
26%
Nie znaleziono quizów pasujących do podanych kryteriów
Rozkład punktacji
Procent ludzi z każdym wynikiem
Percentyl według liczby udzielonych odpowiedzi
Twoja historia wyników
Nie rozwiązałeś tego quizu